| LEADER 00000nama 2200000uu 4500 |
| 008 040531s|||| th m m a000 0 tha d |
| 020 978-974-297-912-6
|
| 041 tha
|
| 050 VCD 000193
|
| 100 ดาวิกา กิ่งเนตร.
|
| 245 คู่มือการปฏิบัติงานป้องกันและควบคุมดรคไข้หวัดใหญ่สายพันธุ์ใหม่ (H1N1) 2009 สำหรับบุคลากรด้านการแพทย์แลสาธารณสุข/กองบรรณาธิการ ดาริกา กิ่งเนตร,วรยา เหลืองอ่อน และอัจฉรา วรารักษ์.
|
| 250 พิมพ์ครั้งที่ 2.
|
| 260 สำนักโรคติดต่ออุบัติใหม่ กรมควบคุมโรค. นนทบุรี. 2553.
|
| 300 1 แผ่น.
|
| 600 1.กระทรวงสาธารรสุข.กรมควบคุมโรค.สำนักโรคติดต่ออุบัติใหม่.
|
| 650 1.ไข้หวัดใหม่สายพันธุ์ใหม่ 2009--การป้องกันและควบคุม--คู่มือ 2.ไข้หวัดใหญ่สายพันธุ์ใหม่ 2009--การรักษา--คู่มือ 3.บุคลากรทางการแพทย์.
|
| 995 200
|
| 999 ^aใช้งานได้ทุกระบบ
|